[Event "IIFL Wealth 4th Mumbai GM"]
[Site "Mumbai"]
[Date "2019.01.07"]
[Round "9"]
[White "Aleksandrov, Aleksej"]
[Black "Mohammad Fahad, Rahman"]
[Result "1-0"]
[WhiteElo "2590"]
[BlackElo "2381"]
[Annotator "TA"]
[PlyCount "53"]
[EventDate "2018.12.30"]
[EventType "swiss"]
[EventCountry "IND"]
[SourceTitle "playchess.com"]
[Source "ChessBase"]
[SourceQuality "1"]

{[%evp 26,53,36,36,51,52,51,44,52,8,8,4,17,18,50,24,82,48,158,146,442,443,464,446,635,627,627,616,771,768]} 1. c4 e6 2. Nc3 d5 3. d4 Nf6 4. cxd5 exd5 5. Bg5 c6 6. e3 Bf5 7. Qf3 Bg6 8. Bxf6 Qxf6 9. Qxf6 gxf6 10. Nf3 Nd7 {D35: Queen's Gambit Declined: Exchange Variation} 11. Nh4 Be7 12. Ne2 Nb6 (12... f5 13. g3 Bxh4 14. gxh4 Nf6 15. f3 Ke7 16. Rg1 Nh5 17. Kf2 Rae8 18. b4 {½-½ (46) Kramnik,V (2792)-Nisipeanu,L (2672) Dortmund 2018}) 13. Ng3 Bb4+ 14. Kd1 $1 {LiveBook: 3 Games} Nc4 {[#]} 15. Bxc4 $146 ({Predecessor:} 15. Ngf5 Nxb2+ 16. Kc2 Nc4 17. Bxc4 dxc4 18. Rhb1 {1-0 (29) Holt,C (2561)-Miller,D (2219) Norfolk 2017}) 15... dxc4 16. a3 Ba5 17. Ke2 Bd3+ 18. Kf3 O-O-O 19. Ne4 Rd5 20. Nc5 Bg6 (20... Rxc5 $11 {keeps the balance.} 21. dxc5 Bc7) 21. Rac1 Bd2 (21... b6 $1 $14) 22. Rxc4 $16 {aiming for b4.} Rg8 $2 {[%mdl 8192] [#]} (22... Ba5 $16 {was necessary.} 23. g3 Re8 24. Nxg6 fxg6) 23. Nxg6 $18 {White is clearly winning.} Rxg6 24. b4 b5 (24... Rf5+ $142 25. Ke2 {[%mdl 64] Trapped Piece} Bxe3 26. Kxe3 Rxg2) 25. Rc2 Rf5+ 26. Ke2 {[%mdl 64] [#] Trapped Piece} Rxg2 27. Ne4 {Accuracy: White = 62%, Black = 18%.} 1-0

[Event "IIFL Wealth 4th Mumbai GM"]
[Site "Mumbai"]
[Date "2019.01.07"]
[Round "9"]
[White "Chanda, Sandipan"]
[Black "Shyaamnikhil P"]
[Result "0-1"]
[WhiteElo "2555"]
[BlackElo "2448"]
[Annotator "TA"]
[PlyCount "80"]
[EventDate "2018.12.30"]
[EventType "swiss"]
[EventCountry "IND"]
[SourceTitle "playchess.com"]
[Source "ChessBase"]
[SourceQuality "1"]

{[%evp 11,80,-7,16,-10,27,0,0,-10,3,0,0,7,23,14,27,-15,0,-22,0,0,0,0,0,-41,19,7,20,47,9,-27,80,49,48,43,43,41,10,-287,-266,-346,-325,-352,-338,-346,-322,-324,-260,-479,-451,-819,-814,-743,-789,-1024,-820,-960,-951,-1028,-927,-1231,-1245,-1239,-1195,-1227,-1201,-1241,-1204,-1372,-1320,-1695,-1618]} 1. d4 Nf6 2. c4 e6 3. Nc3 Bb4 4. e3 O-O 5. Bd2 d5 6. Nf3 Re8 {LiveBook: 13 Games. E51: Nimzo-Indian: Rubinstein: 4...0-0 5 Nf3 d5} (6... b6 7. cxd5 exd5 8. Rc1 Be7 9. Bd3 Bb7 10. O-O c5 11. dxc5 bxc5 12. Re1 Nc6 13. Bb1 Re8 14. e4 dxe4 15. Nxe4 Nd4 {½-½ (54) Vitiugov,N (2730)-Inarkiev,E (2690) Satka 2018}) 7. Qc2 a6 8. a3 Bf8 {The position is equal.} 9. e4 $146 ({Predecessor:} 9. Bd3 c5 10. dxc5 dxc4 11. Bxc4 Bxc5 12. O-O b5 13. Bd3 Bb7 14. Ne4 Nbd7 15. Bc3 Rc8 16. Rad1 Qe7 17. Qb1 Nxe4 18. Bxe4 Bxe4 19. Qxe4 Nf6 {½-½ (19) Valerga,D (2442)-Sosa,T (2478) Buenos Aires 2018}) 9... dxe4 10. Nxe4 Nxe4 11. Qxe4 c5 12. dxc5 f5 13. Qc2 e5 {[%cal Be6e5,Be5e4][%mdl 32]} 14. O-O-O e4 15. Bc3 Qc7 16. Nd4 Bxc5 17. b4 Bf8 (17... Bxd4 $1 $15 18. Bxd4 Be6) 18. c5 $11 Nc6 19. Bc4+ Kh8 {[%cal Bg8h8,Bh8g7,Bg7h6,Bh6h5][%mdl 32]} 20. Ba2 Ne5 (20... Nxd4 $11 21. Bxd4 a5) 21. Qb3 {[%csl Ga2][%cal Rb3g8]} Be7 22. f4 $1 {[%cal Rf4e5]} exf3 23. Nxf3 Nxf3 24. Bxg7+ $2 {[%mdl 8192]} ({Wrong is} 24. Qf7 $2 Bg5+ 25. Kb1 Qxf7 $19) (24. gxf3 $11 Bg5+ 25. Kb1) 24... Kxg7 $19 25. Qf7+ Kh6 26. Rd6+ Bxd6 27. Qf6+ Kh5 {Strongly threatening ...Bf4+.} 28. Bf7+ Kg4 29. gxf3+ $2 {[#]} (29. Qg7+ {was forced.} Ng5 30. h3+ Kf4 31. Rf1+ Kg3 32. Qxg5+ Kh2 33. Bxe8) 29... Kh3 $1 {Black is clearly winning.} (29... Kxf3 30. Bd5+ Re4 31. Bxe4+ Kxe4 32. Re1+ Kf3 33. Qc3+ Kg4 34. Rg1+ Bg3 35. Rxg3+ Kh5 36. Qd2 $18) 30. Bc4 (30. Kb1 $142 Be7 31. Qh6+ Bh4 32. Qc1) 30... Kg2 31. Rd1 Bxh2 32. Bf1+ Kf2 33. Qh4+ Bg3 34. Qd4+ Re3 {[%mdl 64] [#] Double Attack} 35. Rd2+ Kxf1 36. Qxe3 Qe5 37. Qd3+ Kg1 38. Kc2 f4 {And now ...Bf5 would win.} 39. Rd1+ Be1 40. Qd2 Bf5+ {Accuracy: White = 35%, Black = 50%.} 0-1

[Event "IIFL Wealth 4th Mumbai GM"]
[Site "Mumbai"]
[Date "2019.01.07"]
[Round "9"]
[White "Deepan Chakkravarthy J."]
[Black "Lugovskoy, Maxim"]
[Result "1-0"]
[WhiteElo "2550"]
[BlackElo "2445"]
[Annotator "TA"]
[PlyCount "65"]
[EventDate "2018.12.30"]
[EventType "swiss"]
[EventCountry "IND"]
[SourceTitle "playchess.com"]
[Source "ChessBase"]
[SourceQuality "1"]

{[%evp 19,65,12,16,-18,8,16,21,14,26,0,9,0,0,8,31,37,39,27,24,32,37,35,44,39,37,35,49,43,38,64,137,134,147,139,140,148,148,146,135,148,168,195,217,216,287,288,362,369]} 1. Nf3 d5 2. g3 g6 3. Bg2 Bg7 4. d4 Nf6 5. O-O O-O 6. c4 dxc4 7. Na3 {[%cal Bb1a3,Ba3c4,Bc4e5][%mdl 32]} c3 8. bxc3 c5 9. Nc4 Be6 {D77: Fianchetto Grünfeld: 6 0-0: Replies other than 6...c6} (9... Nc6 10. Nfe5 Be6 11. Bb2 Nxe5 12. Nxe5 Bd5 13. Bxd5 Qxd5 14. Qb3 Qe4 15. e3 Rac8 16. c4 Ng4 17. Nxg4 Qxg4 18. d5 Bxb2 19. Qxb2 Qxc4 20. Qxb7 {½-½ (59) Jumabayev,R (2562)-Efimenko,Z (2661) Baku 2013}) 10. Nce5 Bd5 {LiveBook: 3 Games} 11. a4 cxd4 {The position is equal.} 12. cxd4 Nc6 13. Ba3 Re8 14. e3 Rc8 $146 ({Predecessor:} 14... Nxe5 15. Nxe5 Bxg2 16. Kxg2 Nd7 17. f4 Nxe5 18. fxe5 {½-½ (33) Trichkov,V (2328)-Vasilev,V (2337) Albena 2011}) 15. Rc1 e6 16. Qe2 Nxe5 17. Nxe5 Bxg2 18. Kxg2 Qd5+ 19. Qf3 Bf8 20. Bxf8 Kxf8 21. a5 Red8 22. g4 Ke8 23. h4 h5 24. Qxd5 exd5 (24... Nxd5 $14 25. gxh5 gxh5) 25. gxh5 $16 Nxh5 26. Rb1 Rc7 27. Rb5 Nf6 28. Rfb1 Rb8 29. Nd3 Ne4 30. Rxd5 Nc3 31. Re5+ Kf8 32. Rb3 b6 {[#]} 33. Nc5 $1 {[%mdl 512] Accuracy: White = 81%, Black = 57%.} 1-0

[Event "IIFL Wealth 4th Mumbai GM"]
[Site "Mumbai"]
[Date "2019.01.07"]
[Round "9"]
[White "Puranik, Abhimanyu"]
[Black "Rozum, Ivan"]
[Result "1/2-1/2"]
[WhiteElo "2544"]
[BlackElo "2589"]
[Annotator "TA"]
[PlyCount "63"]
[EventDate "2018.12.30"]
[EventType "swiss"]
[EventCountry "IND"]
[SourceTitle "playchess.com"]
[Source "ChessBase"]
[SourceQuality "1"]

{[%evp 36,63,38,19,39,22,47,44,41,19,16,9,22,5,15,11,15,0,0,0,0,0,0,0,0,0,5,0,0,0]} 1. e4 c6 2. d4 d5 3. Nd2 dxe4 4. Nxe4 Bf5 5. Ng3 Bg6 6. h4 h6 7. Nf3 Nd7 8. h5 Bh7 9. Bd3 Bxd3 10. Qxd3 e6 11. Bd2 Ngf6 12. O-O-O Be7 13. Ne4 Nxe4 14. Qxe4 Nf6 15. Qe2 Qd5 16. Kb1 {B19: Classical Caro-Kann: 4...Bf5 main line} Qe4 17. Be3 Ng4 18. Nd2 {[%cal Bf3d2,Bd2f1,Bf1e3][%mdl 32]} Qf5 19. Nf1 {[#] LiveBook: 3 Games. And now Ng3 would win.} Nxe3 20. Nxe3 Qa5 21. f4 O-O-O {[#]} 22. Qg4 $146 ({Predecessor:} 22. f5 Bf6 23. fxe6 fxe6 {½-½ (32) Kravtsiv,M (2597)-Kharitonov,A (2536) Cappelle-la-Grande 2013}) 22... Bf6 {The position is equal.} 23. f5 Rhe8 24. fxe6 fxe6 25. c3 Qg5 26. Rhe1 Qxg4 27. Nxg4 Rd5 28. Rf1 Bd8 29. Ne5 Bf6 30. Ng4 Bd8 31. Ne5 Bf6 32. Ng4 {Accuracy: White = 81%, Black = 86%.} 1/2-1/2

[Event "IIFL Wealth 4th Mumbai GM"]
[Site "Mumbai"]
[Date "2019.01.07"]
[Round "9"]
[White "Mosadeghpour, Masoud"]
[Black "Konguvel, Ponnuswamy"]
[Result "1-0"]
[WhiteElo "2520"]
[BlackElo "2282"]
[Annotator "TA"]
[PlyCount "81"]
[EventDate "2018.12.30"]
[EventType "swiss"]
[EventCountry "IND"]
[SourceTitle "playchess.com"]
[Source "ChessBase"]
[SourceQuality "1"]

{[%evp 19,81,-25,-27,-31,-32,-36,-33,-31,-35,-46,-37,-52,0,0,0,0,0,0,14,0,41,0,4,0,23,0,0,0,0,0,0,0,0,0,4,4,4,4,25,13,13,14,14,15,34,35,55,54,80,28,33,21,21,26,26,0,59,54,54,51,297,276,29998,29999]} 1. e4 c5 2. d4 cxd4 3. c3 dxc3 4. Nxc3 Nc6 5. Nf3 d6 6. Bc4 a6 7. O-O Nf6 8. Be3 e6 {[%cal Be7e6,Be6e5][%mdl 32]} 9. Qe2 Be7 10. Rfd1 Bd7 11. Bf4 {B21: Sicilian: 2 f4 and Morra Gambit} e5 12. Be3 $146 ({Predecessor:} 12. Bg5 Bg4 13. Qd3 Bxf3 14. Qxf3 Nd4 15. Qh3 O-O 16. a3 Kh8 17. Ba2 Ng8 18. Bd2 Bg5 {0-1 (53) Sanchez Maya,S (2194)-Shyam,N (2393) Kemer 2009}) 12... O-O 13. Rac1 {Black is slightly better.} Rc8 14. a3 b5 15. Ba2 Na5 (15... Be6 $15) 16. Bg5 $11 Bg4 17. h3 Bxf3 18. Qxf3 Nc6 19. Be3 Na5 20. Bg5 {[%mdl 1024] White has compensation.} Nc6 21. Be3 Na5 22. Qe2 Nc4 23. Bg5 Nxe4 24. Nxe4 Bxg5 25. Rxc4 bxc4 26. Nxd6 Qc7 {Hoping for ...Rcd8.} 27. Nxc8 Rxc8 28. Qg4 h6 29. h4 Bf6 30. Rc1 {[%cal Rc1c4]} Rd8 31. Rxc4 Qa5 32. Rb4 Rd4 33. Rb8+ Bd8 34. Qf5 (34. Bxf7+ $16 Kxf7 35. Rb7+ Bc7 36. Qf3+ Kg6 37. b4) 34... Qc7 35. Rc8 $36 {[%mdl 2048] White is pushing.} Qe7 {[#] aiming for ...Rd1+.} 36. Bb3 e4 37. Qf4 Rd7 (37... g5 $11 38. hxg5 hxg5) 38. h5 $14 Kf8 39. Ra8 Rb7 $2 {[#]} (39... a5 $14) 40. Bxf7 $1 $18 {[%mdl 576] White threatens Bg6+ and mate. Deflection} Qxf7 $2 (40... Qf6 $18 41. Qd2 Qg5 42. Qxg5 (42. Rxd8+ Kxf7 43. Qxg5 hxg5 $18) (42. Qxd8+ Qxd8 43. Rxd8+ Kxf7 $16) 42... hxg5) 41. Rxd8+ {Accuracy: White = 54%, Black = 53%.} 1-0

[Event "IIFL Wealth 4th Mumbai GM"]
[Site "Mumbai"]
[Date "2019.01.07"]
[Round "9"]
[White "Visakh N R"]
[Black "Laxman, R.R."]
[Result "1/2-1/2"]
[WhiteElo "2491"]
[BlackElo "2436"]
[Annotator "TA"]
[PlyCount "101"]
[EventDate "2018.12.30"]
[EventType "swiss"]
[EventCountry "IND"]
[SourceTitle "playchess.com"]
[Source "ChessBase"]
[SourceQuality "1"]

{[%evp 23,101,20,34,19,24,20,22,4,16,0,0,0,6,0,0,0,15,19,24,24,22,25,37,0,34,0,12,0,33,29,28,0,0,0,0,-66,-49,-25,-20,-94,-54,-57,-43,-55,-37,-37,-44,-72,36,37,20,27,89,73,93,0,15,16,16,0,0,0,0,0,0,0,0,0,0,0,0,0,0,0,0,0,0,0,0,0]} 1. Nf3 Nf6 2. g3 d5 3. Bg2 g6 4. O-O Bg7 5. d4 O-O 6. Nbd2 c6 7. c4 a5 8. b3 Bf5 9. Bb2 Nbd7 {D78: Fianchetto Grünfeld: 6 0-0 c6} 10. e3 Ne4 11. Nh4 Nxd2 12. Qxd2 Be6 {LiveBook: 4 Games} 13. cxd5 cxd5 14. Rfc1 Nf6 {[#]} 15. a4 $146 ({Predecessor:} 15. Qd3 a4 16. Ba3 Ne4 17. Nf3 axb3 18. Qxb3 {1-0 (34) Goganov,A (2587)-Shomoev,A (2587) Loo 2014}) 15... Qd7 16. Qe1 Ne4 17. Nf3 Rfc8 18. Ba3 b6 19. Ne5 Qb7 20. Nd3 Bf5 21. g4 Bd7 ({But not} 21... Bxg4 $6 22. f3 $16) 22. f3 Nd6 {[%cal Be4d6,Bd6e8,Be8g7,Bg7f5][%mdl 32]} 23. Qg3 Ne8 24. Ne5 Be6 25. Nd3 Bd7 26. Bf1 Bh6 27. g5 Bf8 28. Ne5 Ng7 29. Bb5 (29. Bd3 $11) 29... Bxb5 30. axb5 Nf5 31. Qf2 (31. Qf4 $11) 31... f6 32. Nc6 fxg5 33. Kh1 e6 34. Bxf8 Rxf8 35. Qg1 h6 ({Black should try} 35... Nd6 $17 36. Qg3 Nxb5) 36. Ne5 $14 {[%mdl 1024] White has compensation.} Nh4 37. Qg4 Rf5 (37... Qe7 $1 $11) 38. Rc6 $16 Qe7 39. Rac1 (39. Rxb6 $16 {aiming for Ra6.} Re8 40. Qg3 (40. Rxa5 Qb4 $14)) 39... h5 {The position is equal.} 40. Qg3 Raf8 41. Rc7 Qa3 42. Nd7 Rxf3 43. Nxf8 Rxg3 44. hxg3 Kxf8 45. gxh4 gxh4 $11 {[%mdl 4096] [#] Endgame ...g5 is the strong threat. KQ-KRR} 46. Rf1+ Ke8 47. Rc8+ Ke7 48. Rcf8 Kd6 49. Rd8+ Ke7 50. Rdf8 {[#] White threatens R1f7+ and mate.} Kd6 51. Rd8+ {Accuracy: White = 48%, Black = 55%.} 1/2-1/2

[Event "IIFL Wealth 4th Mumbai GM"]
[Site "Mumbai"]
[Date "2019.01.07"]
[Round "9"]
[White "Rahman, Ziaur"]
[Black "Stupak, Kirill"]
[Result "1/2-1/2"]
[WhiteElo "2468"]
[BlackElo "2557"]
[Annotator "TA"]
[PlyCount "110"]
[EventDate "2018.12.30"]
[EventType "swiss"]
[EventCountry "IND"]
[SourceTitle "playchess.com"]
[Source "ChessBase"]
[SourceQuality "1"]

{[%evp 16,110,41,3,18,13,32,38,39,8,90,57,69,80,80,74,93,81,83,69,86,50,91,89,107,65,56,56,56,58,66,54,60,43,50,50,59,55,93,40,90,81,114,110,114,114,114,114,132,132,132,132,141,150,240,226,231,177,151,172,165,152,152,134,268,141,257,240,290,285,342,328,329,343,314,322,216,27,27,27,27,27,28,29,37,27,27,27,43,27,28,0,7,7,7,0,0]} 1. Nf3 g6 2. e4 Bg7 3. d4 d6 4. Nc3 Nf6 5. Be3 O-O 6. Qd2 c6 7. Bh6 b5 8. Bd3 Bg4 9. a4 {LiveBook: 5 Games. B08: Pirc Defence: Classical System} (9. h4 Nbd7 10. h5 Bxh5 11. O-O-O b4 12. Ne2 e5 13. Ng3 Bxh6 14. Qxh6 Ng4 15. Qd2 Ndf6 16. Rh4 exd4 17. Nxh5 gxh5 18. e5 dxe5 19. Nxe5 Nxe5 20. Qg5+ Ng6 21. f4 Nd5 22. Qxh5 Qxh4 {0-1 (22) Giri,A (2782)-Mamedyarov,S (2801) chess.com INT 2018}) 9... b4 10. Ne2 Qa5 11. Ng3 {White is slightly better.} Nbd7 12. h4 $146 ({Predecessor:} 12. Bxg7 Kxg7 13. Be2 e5 14. O-O Rfe8 15. h3 Bxf3 16. Bxf3 exd4 17. Qxd4 {1-0 (53) Sacerdotali,S (2316)-Rivas Duran,J (2180) Liape email 2002}) 12... Nh5 (12... c5 $1 $11 {remains equal.}) 13. Nxh5 Qxh5 14. Bxg7 Kxg7 15. Ng1 $1 {[%cal Bf3g1,Bg1e2,Be2f4][%mdl 32]} Qa5 16. f3 Be6 17. Ne2 f6 18. g4 c5 19. Bb5 {Black must now prevent Nf4.} Rad8 20. Nf4 Bf7 21. Bxd7 Rxd7 22. d5 c4 23. Qd4 Rc7 24. Rg1 Qc5 25. Qxc5 Rxc5 26. Kf2 h6 27. Rad1 (27. h5 $16) 27... b3 {[#]} 28. c3 $1 g5 29. Ng2 Be8 30. Ne3 {aiming for Nf5+.} Bd7 31. Rh1 a6 32. Kg3 Rg8 33. Rh2 Kg6 34. Rdh1 Rh8 (34... Kf7 $16 {was necessary.} 35. hxg5 hxg5 36. Rh7+ Rg7) 35. hxg5 $18 fxg5 36. Nf5 Bxf5 37. gxf5+ {[%mdl 4096] Endgame KRR-KRR} Kg7 38. f4 gxf4+ 39. Kxf4 Ra5 (39... h5 $16 40. Rxh5 Rxh5 41. Rxh5 Ra5) 40. Ra1 (40. Rg1+ $18 Kf7 41. Ra1) 40... Kf7 {[#]} (40... h5 $16 41. Ke3 h4) 41. Ke3 $1 Rc5 42. Kd4 Rg8 43. Rah1 ({Weaker is} 43. Rxh6 Rg2 $16) 43... Rg3 {[%csl Gc4][%cal Rg3d3]} 44. Rh3 Rxh3 45. Rxh3 {KR-KR} Ra5 46. Kxc4 $2 ({Don't take} 46. Rxh6 $6 Rxa4 47. e5 dxe5+ 48. Kxe5 Ra2 $16) ({Better is} 46. e5 $18) 46... Rxa4+ $11 47. Kxb3 Rxe4 48. Rxh6 Re5 49. c4 Rxf5 50. Rh7+ Kf6 51. Rh1 Rf3+ 52. Kb4 Rf2 53. b3 {next Ra1 is good for White.} Ra2 $1 {The position is equal.} 54. Rf1+ Kg7 55. Rf3 a5+ {Accuracy: White = 52%, Black = 38%.} 1/2-1/2

[Event "IIFL Wealth 4th Mumbai GM"]
[Site "Mumbai"]
[Date "2019.01.07"]
[Round "9"]
[White "Gukesh D"]
[Black "Tran, Tuan Minh"]
[Result "1/2-1/2"]
[WhiteElo "2466"]
[BlackElo "2524"]
[Annotator "RC"]
[PlyCount "43"]
[EventDate "2018.12.30"]
[EventType "swiss"]
[EventCountry "IND"]
[SourceTitle "playchess.com"]
[Source "ChessBase"]
[SourceQuality "1"]
[TimeControl "40/5400+30:1800+30"]

1. Nf3 {[%emt 0:00:56]} Nf6 {[%emt 0:00:00]} 2. g3 {[%emt 0:00:28]} b6 {[%emt 0:00:03]} 3. Bg2 {[%emt 0:00:07]} Bb7 {[%emt 0:00:07]} 4. O-O {[%emt 0:00:07]} c5 {[%emt 0:00:38]} 5. c4 {[%emt 0:00:52]} g6 {[%emt 0:00:23]} 6. b3 {[%emt 0:03:15]} Bg7 {[%emt 0:00:20]} 7. Bb2 {[%emt 0:00:10]} O-O {[%emt 0:00:09]} 8. Nc3 {[%emt 0:02:14]} d5 {[%emt 0:03:30]} 9. Nxd5 {[%emt 0:01:19]} Nxd5 {[%emt 0:01:07]} 10. Bxg7 {[%emt 0:00:06]} Kxg7 {[%emt 0:00:22]} 11. cxd5 {[%emt 0:00:30]} Qxd5 {[%emt 0:01:21]} 12. d4 {[%emt 0:00:41]} cxd4 {[%emt 0:07:39]} 13. Qxd4+ {[%emt 0:00:34]} Qxd4 {[%emt 0:00:07]} 14. Nxd4 {[%emt 0:00:05]} Bxg2 {[%emt 0:00:07]} 15. Kxg2 {[%emt 0:00:03]} Na6 {[%emt 0:00:33]} 16. Rfc1 {[%emt 0:11:24]} Rfd8 {[%emt 0:03:14]} 17. Nc6 Re8 {[%emt 0:00:30]} 18. Nd4 Red8 {[%emt 0:00:30]} 19. Nc6 Re8 {[%emt 0:00:30]} 20. Nd4 Red8 {[%emt 0:00:30]} 21. Nc6 Re8 {[%emt 0:00:30]} 22. Nd4 1/2-1/2

[Event "IIFL Wealth 4th Mumbai GM"]
[Site "Mumbai"]
[Date "2019.01.07"]
[Round "9"]
[White "Deviatkin, Andrei"]
[Black "Nguyen, Van Huy"]
[Result "1-0"]
[WhiteElo "2464"]
[BlackElo "2438"]
[Annotator "TA"]
[PlyCount "163"]
[EventDate "2018.12.30"]
[EventType "swiss"]
[EventCountry "IND"]
[SourceTitle "playchess.com"]
[Source "ChessBase"]
[SourceQuality "1"]

{[%evp 24,163,0,0,13,0,0,0,0,0,0,0,0,0,0,-6,13,11,26,13,7,6,26,9,8,8,0,0,16,22,25,10,41,50,90,91,111,128,163,98,121,109,106,116,119,114,147,103,101,101,97,91,124,47,51,53,66,39,77,77,80,47,230,212,211,212,213,193,205,163,179,0,181,114,115,118,108,109,89,18,18,18,12,14,18,12,126,30,115,52,61,14,58,55,83,17,17,17,18,24,35,8,8,13,398,36,34,0,8,0,34,34,34,34,34,34,12839,9945,5073,1583,1695,34,34,34,36,40,29978,29979,29979,29980,29982,29982,29983,29984,29987,29988,29988,29989,29990,29991,29991,29992]} 1. c4 e6 2. Nc3 d5 3. d4 Bb4 4. e3 Nf6 5. Nf3 O-O 6. Bd3 c5 7. O-O cxd4 8. exd4 dxc4 9. Bxc4 Nbd7 10. Bg5 h6 11. Bh4 Qa5 {E54: Nimzo-Indian: Rubinstein: Main Line: 7...dxc4 8 Bxc4} 12. Rc1 Bxc3 13. bxc3 {LiveBook: 4 Games} (13. Rxc3 b5 14. Bb3 b4 15. Re3 Nd5 16. Re4 Bb7 17. Rfe1 N5f6 18. Rf4 Nh5 19. Rg4 {½-½ (46) Kamsky,G (2729)-Papaioannou,I (2597) Dresden 2008}) 13... b6 {The position is equal.} 14. Re1 Bb7 15. Ne5 Rac8 16. Nxd7 $146 ({Predecessor:} 16. Qb3 Nxe5 17. Rxe5 Bd5 18. Bxd5 Nxd5 19. c4 {0-1 (55) Lee,Q (2231)-Nguyen,V (2434) Ho Chi Minh City 2016}) 16... Nxd7 17. Qd3 Qh5 18. Bg3 Rfd8 19. f3 Qa5 20. Bh4 Re8 21. Bb5 Bc6 22. a4 Nf8 {[%cal Bd7f8,Bf8g6,Bg6f4,Bf4d5,Bd5e3][%mdl 32]} 23. Red1 Ng6 24. Be1 Nf4 25. Qd2 Nd5 26. c4 Qxd2 27. Rxd2 Bxb5 28. axb5 Ne3 29. c5 Nd5 30. Bg3 Red8 31. Kf2 (31. Ra2 $1 $18) 31... Ra8 32. Ke2 f6 33. Ra2 Kf7 34. Ra3 Rd7 35. c6 Rdd8 36. Rca1 a5 37. bxa6 Ra7 38. Rb1 ({White should play} 38. Kd3 $16) 38... Ke7 39. Kd3 {Hoping for Kc4.} Rda8 40. Rba1 $36 {[%mdl 2048] Strongly threatening Kc4. White is pushing.} Nb4+ 41. Kc4 $1 {[%cal Rc4b4]} Nxc6 42. Kb5 Na5 $2 (42... Nxd4+ $14 43. Kxb6 Nc2) 43. Rc1 {aiming for Rc7+.} (43. Kxb6 Nc4+ 44. Kb5 Nxa3+ 45. Rxa3 Rd7 $11) 43... Rxa6 {intending ...R6a7.} 44. Rc7+ Kf8 45. Rac3 {[%mdl 1024] White has strong compensation.} Kg8 46. Rc8+ Kf7 47. R8c7+ $2 (47. Rxa8 $18 Rxa8 48. Kxb6) 47... Kg6 $2 (47... Kg8 $1 $11) 48. Re3 (48. Rd7 $18) 48... R6a7 $16 49. Rxa7 (49. Kxb6 Rb7+ $1 {[%mdl 512]} 50. Rxb7 Nc4+ 51. Kc7 Nxe3 $15) 49... Rxa7 50. Rxe6 {[%mdl 4096] Endgame KRB-KRN} Nb3 51. d5 ({Much worse is} 51. Kxb6 $6 Rd7 $11) (51. Rxb6 $6 Nxd4+ 52. Kc4 Nf5 $11) (51. Kc4 $16 Ra3 52. Rxb6 Nd2+ 53. Kb5) 51... Ra5+ $1 $11 52. Kc4 Nd2+ 53. Kd4 Nb3+ $1 54. Kc3 Nc5 (54... Nc1 $1 $11) 55. Re2 ({Much weaker is} 55. Rxb6 Na4+ 56. Kb4 Nxb6 $11) (55. Re7 $16) 55... Ra1 (55... Ra4 $11) 56. Bf2 (56. d6 $16) 56... Rc1+ $1 $14 57. Kd2 Ra1 58. Bxc5 bxc5 {KR-KR} 59. Kc3 ({Better is} 59. Kd3 $16) 59... Ra4 $1 $11 60. Re4 Ra2 $1 61. Kc4 f5 62. Re3 {Threatening d6.} Rxg2 63. d6 Rc2+ $2 {[%mdl 8192]} (63... Kf7 $11 {and Black has nothing to worry.}) 64. Kb5 $2 (64. Kd3 $18 Rc1 65. Kd2) 64... Rxh2 $14 65. Kxc5 Rd2 66. Re5 Kg5 67. Rd5 Rc2+ $1 68. Kb6 Rc8 69. d7 Rf8 $2 {[%mdl 8192]} (69... Rb8+ $14 70. Kc7 Ra8) 70. Rc5 $18 Rd8 71. Kc7 Ra8 72. d8=Q+ $2 (72. Rc4 $18 {Kd6 is the strong threat.} h5 73. Kd6) 72... Rxd8 $14 73. Kxd8 {KR-K3P} Kf4 74. Ke7 h5 $2 {[%mdl 8192]} (74... Kxf3 $14 75. Ke6 (75. Rxf5+ Kg4 $14) 75... f4) 75. Ke6 {White mates.} g6 76. Kf6 h4 77. Kxg6 Kxf3 78. Kxf5 h3 79. Rc3+ Kg2 80. Kg4 $1 h2 {[#]} 81. Rc2+ $1 Kg1 {[#]} 82. Kg3 $1 {Accuracy: White = 43%, Black = 43%.} 1-0

[Event "IIFL Wealth 4th Mumbai GM"]
[Site "Mumbai"]
[Date "2019.01.07"]
[Round "9"]
[White "Sundararajan, Kidambi"]
[Black "Kavinda, Akila"]
[Result "1/2-1/2"]
[WhiteElo "2458"]
[BlackElo "2092"]
[Annotator "TA"]
[PlyCount "81"]
[EventDate "2018.12.30"]
[EventType "swiss"]
[EventCountry "IND"]
[SourceTitle "playchess.com"]
[Source "ChessBase"]
[SourceQuality "1"]

{[%evp 29,81,0,-2,0,0,-14,-13,-13,0,-28,-10,-20,8,14,15,15,15,29,12,20,12,14,26,7,41,0,0,0,0,0,0,0,0,0,0,0,0,0,0,-48,-56,-50,-60,-91,0,0,0,-7,0,0,0,-7,0,0]} 1. g3 c5 2. Bg2 g6 3. c3 Bg7 4. d4 cxd4 5. cxd4 d5 6. Nc3 Nf6 7. Nf3 Ne4 8. Qb3 Nxc3 9. bxc3 Nc6 10. Nd2 O-O 11. O-O e6 12. e4 Na5 {D79: Fianchetto Grünfeld: Symmetrical Variation (6 0-0 c6 7 cxd5 cxd5)} 13. Qc2 b6 14. Re1 Bb7 15. Ba3 Re8 {LiveBook: 3 Games} 16. e5 Rc8 {[#]} 17. Re3 $146 ({Predecessor:} 17. Bf1 Qc7 18. Rac1 Bh6 19. f4 {1-0 (76) Jaulneau,C (2550)-Velilla Velasco,F (2553) ICCF email 2012}) 17... Qd7 18. h4 $1 h5 19. Qd1 Bh6 20. f4 Nc4 21. Nxc4 Rxc4 22. Bf1 Ra4 23. Bb4 Ba6 24. Bxa6 Rxa6 25. g4 Qa4 {[#] Strongly threatening ...Qxd1+.} ({Not} 25... Bxf4 $2 26. Rf3 $18) 26. Qe2 hxg4 ({Don't go for} 26... Bxf4 $2 27. Rf3 $18) 27. Rg3 Bf8 $1 {[%cal Rf8b4]} (27... Bxf4 28. Rxg4 Bh6 29. h5 $18) 28. Bxf8 Kxf8 29. Qxg4 {[#] Black must now prevent h5.} Qc2 $36 {[%mdl 2048] Black has some pressure.} 30. h5 $1 {[%cal Rh5g6]} Rxa2 31. Rxa2 Qxa2 $11 {[%mdl 4096] Endgame KQR-KQR} 32. Qg5 Qb1+ 33. Kh2 Qf5 {And now ...Qxg5 would win.} 34. Qh6+ Ke7 35. hxg6 fxg6 36. Rxg6 {With the idea Rg7+.} Rf8 ({Better is} 36... Kd7 $17 {Hoping for ...a5.} 37. Rg7+ Kc6 38. Rxa7 Rg8) 37. Rg7+ {The position is equal.} Rf7 38. Qh4+ Kf8 39. Qh8+ Ke7 40. Qh4+ Kf8 41. Qh8+ {Accuracy: White = 63%, Black = 61%.} 1/2-1/2